Rockin' in time : a social history of rock and roll /

Bibliographic Details
Main Author: Szatmary, David P., 1951-
Format: Book
Language:English
Published: Englewood Cliffs, N.J. : Prentice-Hall, [1987]
Subjects:

MARC

Tag First Indicator Second Indicator Subfields
LEADER 00000cam a2200000 a 4500
001 in00000031135
005 20151007054956.0
008 860415s1987 njuac b 00110 eng
010 |a  86009490  
020 |a 0137822855 (pbk.) :  |c $17.95 
035 |a (OCoLC)13526477 
035 |9 AAB6820AM 
040 |a DLC  |c DLC  |d m/c  |d TXA  |d UtOrBLW 
043 |a n-us--- 
049 |a TXAM  |c [A11645161] 
050 0 0 |a ML3534  |b .S94 1987 
082 0 |a 784.5/4/00973  |2 19 
100 1 |a Szatmary, David P.,  |d 1951- 
245 1 0 |a Rockin' in time :  |b a social history of rock and roll /  |c David P. Szatmary. 
264 1 |a Englewood Cliffs, N.J. :  |b Prentice-Hall,  |c [1987] 
264 4 |c ©1987 
300 |a xv, 239 pages :  |b illustrations, portraits ;  |c 24 cm. 
336 |a text  |b txt  |2 rdacontent 
337 |a unmediated  |b n  |2 rdamedia 
338 |a volume  |b nc  |2 rdacarrier 
504 |a Bibliography: pages 215-225. 
504 |a Discography: pages 226-234. 
500 |a Includes index. 
650 0 |a Rock music  |z United States  |x History and criticism. 
999 |a MARS 
999 f f |s 20f695c2-dd43-35e6-840c-cdc5b3cd5088  |i 7abce2c2-5dc4-3cc5-87b9-033194cb171d  |t 0 
952 f f |p normal  |a Texas A&M University  |b College Station  |c Sterling C. Evans Library  |d Evans: Library Stacks  |t 0  |e ML3534 .S94 1987  |h Library of Congress classification  |i unmediated -- volume  |m A14811645161 
998 f f |a ML3534 .S94 1987  |t 0  |l Evans: Library Stacks